[Event "Bayern-chTT (RL Sued-West)"]
[Site "Bayern 2008/09"]
[Date "2009.02.01"]
[Round "6.1"]
[White "Fauth, Dietmar Dr"]
[Black "Kostic, Vladimir"]
[Result "0-1"]
[WhiteElo "2170"]
[BlackElo "2376"]
[PlyCount "118"]
[EventDate "2009.03.??"]
[EventType "team-tourn"]
[EventRounds "9"]
[WhiteTeam "München-Siemens 1"]
[BlackTeam "München-SuedOst 1"]

1. e4 e6 2. d4 d5 3. Nc3 Nf6 4. Bg5 dxe4 5. Nxe4 Be7 6. Nxf6+ Bxf6 7. Bxf6 Qxf6
8. Nf3 O-O 9. c3 c5 10. dxc5 Rd8 11. Qc2 Nd7 12. b4 b6 13. cxb6 Nxb6 14. Be2
Bb7 15. Rc1 Nd5 16. O-O Rac8 17. c4 Nxb4 18. Qb3 Bxf3 19. Bxf3 Nd3 20. Rcd1 Nc5
21. Qe3 Qe7 22. h3 g6 23. Rxd8+ Rxd8 24. Rb1 Qc7 25. h4 Kg7 26. h5 f6 27. Rb5
Rc8 28. h6+ Kf7 29. Bg4 f5 30. Bf3 a6 31. Rb1 Kf6 32. g4 fxg4 33. Bxg4 Qe5 34.
Rb6 Qxe3 35. fxe3 Ke7 36. Kf1 Kd7 37. Bf3 Rf8 38. Ke2 g5 39. Rb1 Rf6 40. Rg1
Rxh6 41. Rxg5 Kd6 42. e4 Rh2+ 43. Ke3 e5 44. Bg2 Ne6 45. Rg8 Nf4 46. Bf1 Rxa2
47. Rd8+ Ke7 48. Rh8 h5 49. c5 Rc2 50. Bxa6 Rxc5 51. Rh6 Kf7 52. Kf3 Rc3+ 53.
Kf2 Kg7 54. Rb6 h4 55. Kg1 Nh3+ 56. Kg2 Ng5 57. Rb1 Rc2+ 58. Kh1 Nxe4 59. Kg1
h3 0-1

[Event "Bayern-chTT (RL Sued-West)"]
[Site "Bayern 2008/09"]
[Date "2009.02.01"]
[Round "6.2"]
[White "Bucan, Djordje"]
[Black "Boehm, Uwe(56)"]
[Result "1-0"]
[WhiteElo "2089"]
[BlackElo "2078"]
[PlyCount "109"]
[EventDate "2009.03.??"]
[EventType "team-tourn"]
[EventRounds "9"]
[WhiteTeam "München-SuedOst 1"]
[BlackTeam "München-Siemens 1"]

1. d4 d5 2. Nf3 Nc6 3. g3 Bg4 4. Bg2 e6 5. O-O Bd6 6. c4 Nf6 7. Nc3 O-O 8. Bg5
h6 9. Bxf6 Qxf6 10. cxd5 Bxf3 11. dxc6 Bxg2 12. Kxg2 bxc6 13. Rc1 Rab8 14. b3
Rfd8 15. Ne4 Qf5 16. f3 Qa5 17. Qc2 Ba3 18. Rcd1 Qa6 19. Rd3 Rd7 20. Rfd1 Rbd8
21. Rc3 Rxd4 22. Rxd4 Rxd4 23. Rxc6 Qa5 24. Rxc7 f5 25. Rc8+ Kh7 26. Qc3 Qxc3
27. Nxc3 Rd2 28. Kf2 Rc2 29. Ke3 Bc1+ 30. Kd3 Rd2+ 31. Kc4 Bb2 32. a4 Bxc3 33.
Kxc3 Rxe2 34. Rc7 Re3+ 35. Kc4 a5 36. Rc5 Rxf3 37. Rxa5 Kg6 38. b4 Rf2 39. b5
Rc2+ 40. Kb3 Rc1 41. Ra6 Kf6 42. Rd6 Rb1+ 43. Kc4 Ke5 44. Rd8 g5 45. a5 f4 46.
gxf4+ gxf4 47. a6 Ra1 48. b6 Rxa6 49. b7 Rb6 50. b8=Q+ Rxb8 51. Rxb8 Ke4 52.
Kc3 e5 53. Re8 Kf3 54. Rxe5 Kg2 55. Rh5 1-0

[Event "Bayern-chTT (RL Sued-West)"]
[Site "Bayern 2008/09"]
[Date "2009.02.01"]
[Round "6.3"]
[White "Markl, Martin"]
[Black "Bergauz, Avigdor"]
[Result "0-1"]
[WhiteElo "2051"]
[BlackElo "2037"]
[PlyCount "80"]
[EventDate "2009.03.??"]
[EventType "team-tourn"]
[EventRounds "9"]
[WhiteTeam "München-Siemens 1"]
[BlackTeam "München-SuedOst 1"]

1. d4 Nf6 2. c4 c5 3. d5 g6 4. Nc3 d6 5. e4 Bg7 6. Be2 O-O 7. f4 e6 8. Nf3 exd5
9. cxd5 Re8 10. Nd2 Na6 11. O-O Nc7 12. a4 Rb8 13. Bf3 a6 14. e5 dxe5 15. fxe5
Nfxd5 16. Nxd5 Nxd5 17. Nc4 Nc7 18. Nd6 Rf8 19. Bf4 Ne6 20. Bg3 Nd4 21. Bd5 Be6
22. Bxb7 Qb6 23. a5 Qa7 24. Be4 Rxb2 25. Rf2 Rfb8 26. Rb1 Rxf2 27. Kxf2 Bb3 28.
Rxb3 Rxb3 29. Bd5 Rb2+ 30. Ke3 Bh6+ 31. Bf4 Re2+ 32. Kd3 Bxf4 33. Bxf7+ Kg7 34.
Qf1 c4+ 35. Nxc4 Qxf7 36. e6 Qf5+ 37. Kc3 Rc2+ 38. Kxd4 Be5+ 39. Nxe5 Qxf1 40.
e7 Qd1+ 0-1

[Event "Bayern-chTT (RL Sued-West)"]
[Site "Bayern 2008/09"]
[Date "2009.02.01"]
[Round "6.4"]
[White "Hittinger, Christian"]
[Black "Haizmann, Thomas"]
[Result "0-1"]
[WhiteElo "2076"]
[BlackElo "2125"]
[PlyCount "64"]
[EventDate "2009.03.??"]
[EventType "team-tourn"]
[EventRounds "9"]
[WhiteTeam "München-SuedOst 1"]
[BlackTeam "München-Siemens 1"]

1. e4 Nf6 2. e5 Nd5 3. d4 d6 4. c4 Nb6 5. exd6 exd6 6. Bd3 Nc6 7. Be3 Be7 8. a3
Bf6 9. Ne2 O-O 10. Qc2 g6 11. Nd2 Re8 12. Nf3 Bg4 13. O-O-O d5 14. c5 Nc8 15.
h3 Bxf3 16. gxf3 N8e7 17. h4 b6 18. h5 bxc5 19. hxg6 Nxg6 20. Rdg1 cxd4 21.
Bxg6 hxg6 22. Rxg6+ fxg6 23. Qxg6+ Bg7 24. Bg5 Qd6 25. Qh7+ Kf7 26. Qf5+ Kg8
27. Qh7+ Kf7 28. Rh6 Qc5+ 29. Kd2 Rxe2+ 30. Kxe2 Qb5+ 31. Kd1 Qf1+ 32. Kc2 d3+
0-1

[Event "Bayern-chTT (RL Sued-West)"]
[Site "Bayern 2008/09"]
[Date "2009.02.01"]
[Round "6.5"]
[White "Amelang, Thomas"]
[Black "Hoennekes, Klaus"]
[Result "1/2-1/2"]
[WhiteElo "2068"]
[BlackElo "2024"]
[PlyCount "88"]
[EventDate "2009.03.??"]
[EventType "team-tourn"]
[EventRounds "9"]
[WhiteTeam "München-Siemens 1"]
[BlackTeam "München-SuedOst 1"]

1. e4 e6 2. Nc3 d5 3. d3 Nf6 4. e5 Nfd7 5. f4 c5 6. Nf3 Nc6 7. g3 a6 8. Bg2 Be7
9. O-O O-O 10. Ne2 f6 11. exf6 Bxf6 12. c3 Rb8 13. Bh3 Re8 14. d4 Qb6 15. Kh1
Nf8 16. Ne5 cxd4 17. cxd4 Bd7 18. b3 Rbd8 19. Bb2 Ne7 20. Qd2 Bb5 21. Rf2 Bxe2
22. Rxe2 Nf5 23. g4 Nd6 24. Qe3 Rc8 25. Bf1 Ne4 26. Bg2 Nd6 27. Bf1 Ne4 28. Rc1
Rc7 29. Bg2 Nd6 30. Ba3 Rxc1+ 31. Qxc1 Rc8 32. Qd2 Bxe5 33. fxe5 Nb5 34. Bc5
Qc6 35. Rf2 b6 36. Bxf8 Rxf8 37. Rxf8+ Kxf8 38. Bf1 Kg8 39. g5 Qc3 40. Qxc3
Nxc3 41. a3 a5 42. Bd3 Na2 43. Bc2 Nc3 44. Bd3 Na2 1/2-1/2

[Event "Bayern-chTT (RL Sued-West)"]
[Site "Bayern 2008/09"]
[Date "2009.02.01"]
[Round "6.6"]
[White "Stadler, Wolfgang(65)"]
[Black "Osthoff, Michael"]
[Result "1-0"]
[WhiteElo "1998"]
[BlackElo "1936"]
[PlyCount "113"]
[EventDate "2009.03.??"]
[EventType "team-tourn"]
[EventRounds "9"]
[WhiteTeam "München-SuedOst 1"]
[BlackTeam "München-Siemens 1"]

1. e4 c6 2. d4 d5 3. Nd2 dxe4 4. Nxe4 Bf5 5. Ng3 Bg6 6. Bc4 Nf6 7. N1e2 e6 8.
O-O Nbd7 9. f4 Bd6 10. f5 exf5 11. Nxf5 Bxf5 12. Rxf5 Qe7 13. c3 O-O-O 14. Ng3
h5 15. Ra5 Ng4 16. Nf5 Bxh2+ 17. Kh1 Qf6 18. Qf3 Kb8 19. Bf4+ Bxf4 20. Qxf4+
Ka8 21. Rf1 g6 22. Nd6 Qh4+ 23. Kg1 Nb6 24. Bb3 f5 25. Nf7 g5 26. Nxg5 Nd5 27.
Bxd5 Rxd5 28. Rxd5 cxd5 29. Nf3 Qf6 30. Ne5 Rf8 31. Nxg4 hxg4 32. a3 a6 33. Re1
Qh4 34. Re5 Ka7 35. Rxf5 Qe1+ 36. Qf1 Qxf1+ 37. Rxf1 Re8 38. Kf2 Kb6 39. Kg3
Re2 40. Rf2 Re4 41. Rd2 Kb5 42. Kf2 Kc4 43. Kg3 Kb3 44. Rf2 a5 45. Rf5 Kxb2 46.
Rxd5 a4 47. Re5 Rxe5 48. dxe5 Kxa3 49. e6 Kb2 50. e7 a3 51. e8=Q a2 52. Qb5+
Kc2 53. Qa4+ Kb2 54. Qb4+ Kc2 55. Qa3 Kb1 56. Qb3+ Ka1 57. Qc2 1-0

[Event "Bayern-chTT (RL Sued-West)"]
[Site "Bayern 2008/09"]
[Date "2009.02.01"]
[Round "6.7"]
[White "Mattes, Heinz Dr"]
[Black "Abraham, Ludwig"]
[Result "1-0"]
[WhiteElo "1888"]
[BlackElo "1842"]
[PlyCount "45"]
[EventDate "2009.03.??"]
[EventType "team-tourn"]
[EventRounds "9"]
[WhiteTeam "München-Siemens 1"]
[BlackTeam "München-SuedOst 1"]

1. d4 d5 2. Nf3 c6 3. e3 Nf6 4. Bd3 g6 5. Nbd2 Bg7 6. b3 O-O 7. Bb2 b6 8. Qe2
a5 9. Ne5 Qc7 10. O-O Nfd7 11. f4 f6 12. Nxg6 hxg6 13. Bxg6 f5 14. Qh5 Nf6 15.
Qh4 e6 16. Nf3 Bh8 17. Ba3 Qg7 18. Ne5 Ra7 19. Rf3 Ne4 20. Bxf8 Qxf8 21. Rh3
Qf6 22. Qh5 Rc7 23. Bxf5 1-0

[Event "Bayern-chTT (RL Sued-West)"]
[Site "Bayern 2008/09"]
[Date "2009.02.01"]
[Round "6.8"]
[White "Eicher, David(60)"]
[Black "Caspers, Christian"]
[Result "0-1"]
[WhiteElo "1876"]
[BlackElo "2028"]
[PlyCount "73"]
[EventDate "2009.03.??"]
[EventType "team-tourn"]
[EventRounds "9"]
[WhiteTeam "München-SuedOst 1"]
[BlackTeam "München-Siemens 1"]

1. d4 Nf6 2. Nf3 c5 3. dxc5 Qa5+ 4. Nc3 e6 5. Bd2 Qxc5 6. e4 d6 7. Bd3 Be7 8.
O-O Bd7 9. Be3 Qa5 10. a3 O-O 11. h3 a6 12. Ne2 Bc6 13. Nd2 Nbd7 14. f4 Qc7 15.
b4 b5 16. Nd4 Nb6 17. Nxc6 Qxc6 18. Qe2 Rac8 19. Bd4 Nc4 20. Rfe1 Nxd2 21. Qxd2
Nd7 22. e5 Bd8 23. exd6 Qxd6 24. Bc5 Qc7 25. Bxf8 Nxf8 26. Rf1 Bf6 27. Rab1 Nd7
28. Kh1 Nb6 29. Rb3 Nd5 30. f5 Bc3 31. Qf2 e5 32. Qg3 Nf6 33. Qf3 Bd4 34. g4
Qd7 35. Re1 Nd5 36. Be4 Nc3 37. Bd3 0-1

[Event "Bayern-chTT (RL Sued-West)"]
[Site "Bayern 2008/09"]
[Date "2009.02.01"]
[Round "6.1"]
[White "Komljenovic, Luka"]
[Black "Wolfsteiner, Helmut"]
[Result "1-0"]
[WhiteElo "2205"]
[BlackElo "2255"]
[PlyCount "93"]
[EventDate "2009.03.??"]
[EventType "team-tourn"]
[EventRounds "9"]
[WhiteTeam "Unterhaching 1"]
[BlackTeam "Kriegshaber 1"]

1. Nf3 Nf6 2. c4 e6 3. Nc3 d5 4. d4 Be7 5. Bg5 h6 6. Bh4 O-O 7. e3 b6 8. Rc1
Bb7 9. Bxf6 Bxf6 10. cxd5 exd5 11. Bd3 Nd7 12. O-O c5 13. Bf5 cxd4 14. exd4 g6
15. Bh3 Bg7 16. Qb3 Nf6 17. Ne5 Re8 18. f4 Re7 19. Rfd1 Ne8 20. g3 Nf6 21. Rc2
Rb8 22. Nb5 Ra8 23. Rdc1 Ne8 24. Bg2 a6 25. Nc3 Nf6 26. Na4 b5 27. Nc5 Qb6 28.
Kh1 Ne4 29. Nxb7 Qxb7 30. Bxe4 dxe4 31. Nxf7 Kh7 32. Ne5 Qb6 33. Qb4 Rae8 34.
Rc6 Qb7 35. d5 Qa7 36. Qxe4 Kg8 37. Rxg6 Qf2 38. Qg2 Qe3 39. Rd1 Kh7 40. Qc2
Bxe5 41. fxe5 Rxe5 42. Re6+ Kh8 43. Rxe8+ Rxe8 44. Qc3+ Qxc3 45. bxc3 Kg7 46.
d6 Kf7 47. d7 1-0

[Event "Bayern-chTT (RL Sued-West)"]
[Site "Bayern 2008/09"]
[Date "2009.02.01"]
[Round "6.2"]
[White "Bintakies, Michael"]
[Black "Dengler, Peter"]
[Result "1/2-1/2"]
[WhiteElo "2151"]
[BlackElo "2246"]
[PlyCount "72"]
[EventDate "2009.03.??"]
[EventType "team-tourn"]
[EventRounds "9"]
[WhiteTeam "Kriegshaber 1"]
[BlackTeam "Unterhaching 1"]

1. d4 g6 2. e4 Nf6 3. e5 Nd5 4. Nf3 d6 5. c4 Nb6 6. exd6 cxd6 7. Be3 Bg7 8. Nc3
O-O 9. Rc1 Nc6 10. d5 Ne5 11. Nxe5 Bxe5 12. Be2 e6 13. b3 exd5 14. Nxd5 Nxd5
15. Qxd5 Be6 16. Qd2 d5 17. cxd5 Qxd5 18. Qxd5 Bxd5 19. O-O Bc6 20. Rfd1 Rfe8
21. Bc4 Kg7 22. Bd5 Bxd5 23. Rxd5 Rad8 24. Rcd1 Rxd5 25. Rxd5 a6 26. Rxe5 Rxe5
27. Bd4 f6 28. Bxe5 fxe5 29. f3 Kf6 30. Kf2 Ke6 31. Ke3 Kd5 32. h4 a5 33. g4 h6
34. Kd3 b5 35. Ke3 Kd6 36. Ke4 Ke6 1/2-1/2

[Event "Bayern-chTT (RL Sued-West)"]
[Site "Bayern 2008/09"]
[Date "2009.02.01"]
[Round "6.3"]
[White "Schmidt, Gerhard(40)"]
[Black "Hahn, Christoph Dr(70)"]
[Result "1/2-1/2"]
[WhiteElo "2171"]
[BlackElo "2136"]
[PlyCount "43"]
[EventDate "2009.03.??"]
[EventType "team-tourn"]
[EventRounds "9"]
[WhiteTeam "Unterhaching 1"]
[BlackTeam "Kriegshaber 1"]

1. d4 d5 2. Nf3 Nf6 3. c4 dxc4 4. e3 e6 5. Bxc4 c5 6. O-O a6 7. a4 Nc6 8. Nc3
cxd4 9. exd4 Nb4 10. Bg5 Be7 11. Qe2 O-O 12. Rad1 Nbd5 13. Ne5 Nxc3 14. bxc3
Qa5 15. Qc2 Qc7 16. Ba2 b5 17. Rfe1 Bb7 18. Re3 Nd5 19. Rh3 f5 20. Bxe7 Qxe7
21. Bxd5 Bxd5 22. axb5 1/2-1/2

[Event "Bayern-chTT (RL Sued-West)"]
[Site "Bayern 2008/09"]
[Date "2009.02.01"]
[Round "6.4"]
[White "Stoer, Andreas"]
[Black "Urankar, Hans-Peter"]
[Result "1-0"]
[WhiteElo "2122"]
[BlackElo "2161"]
[PlyCount "65"]
[EventDate "2009.03.??"]
[EventType "team-tourn"]
[EventRounds "9"]
[WhiteTeam "Kriegshaber 1"]
[BlackTeam "Unterhaching 1"]

1. c4 g6 2. Nf3 d6 3. g3 Bg7 4. Bg2 f5 5. O-O Nf6 6. Nc3 O-O 7. b4 a5 8. b5 Ne4
9. Bb2 Nxc3 10. Bxc3 Bxc3 11. dxc3 e6 12. Qd2 Nd7 13. e4 Nc5 14. exf5 exf5 15.
Rfe1 Qf6 16. Nd4 Kh8 17. Nb3 Ne6 18. b6 a4 19. Nd4 cxb6 20. Rab1 Nc5 21. Rxb6
Ra6 22. Rbb1 g5 23. Bd5 f4 24. Qe2 Ra8 25. Qe7 Qh6 26. Nf3 fxg3 27. fxg3 Bf5
28. Rb6 Nd3 29. Rxd6 Bg6 30. Ree6 g4 31. Qg5 Qh3 32. Rxg6 hxg6 33. Rxg6 1-0

[Event "Bayern-chTT (RL Sued-West)"]
[Site "Bayern 2008/09"]
[Date "2009.02.01"]
[Round "6.6"]
[White "Demel, Paul"]
[Black "Broschwitz, Martin"]
[Result "1-0"]
[WhiteElo "2053"]
[BlackElo "2086"]
[PlyCount "83"]
[EventDate "2009.03.??"]
[EventType "team-tourn"]
[EventRounds "9"]
[WhiteTeam "Kriegshaber 1"]
[BlackTeam "Unterhaching 1"]

1. Nf3 Nf6 2. c4 g6 3. Nc3 Bg7 4. e4 d6 5. d4 O-O 6. Be2 e5 7. O-O Nc6 8. d5
Ne7 9. b4 a5 10. Ba3 b6 11. bxa5 Rxa5 12. Bb4 Ra8 13. a4 Ne8 14. a5 bxa5 15.
Rxa5 Rxa5 16. Bxa5 f5 17. Nd2 Bh6 18. c5 Bxd2 19. Qxd2 fxe4 20. Nxe4 Bf5 21.
Nxd6 Nxd6 22. cxd6 Qxd6 23. Bc4 Kg7 24. Re1 Rd8 25. Bc3 Nc6 26. Qf4 Qa3 27.
Bxe5+ Nxe5 28. Qxe5+ Kh6 29. Qf4+ Kg7 30. Qxc7+ Rd7 31. Qe5+ Kh6 32. g4 Qb4 33.
Qf4+ Kg7 34. Qd4+ Kh6 35. Re3 Qb1+ 36. Kg2 Bc2 37. g5+ Kxg5 38. Rg3+ Kh6 39.
Rh3+ Kg5 40. Qh4+ Kf5 41. Rf3+ Ke5 42. Qf4# 1-0

[Event "Bayern-chTT (RL Sued-West)"]
[Site "Bayern 2008/09"]
[Date "2009.02.01"]
[Round "6.7"]
[White "Czap, Bernard"]
[Black "Schechter, Dimitri"]
[Result "1/2-1/2"]
[WhiteElo "2061"]
[BlackElo "2082"]
[PlyCount "46"]
[EventDate "2009.03.??"]
[EventType "team-tourn"]
[EventRounds "9"]
[WhiteTeam "Unterhaching 1"]
[BlackTeam "Kriegshaber 1"]

1. e4 c5 2. c3 d5 3. exd5 Qxd5 4. d4 Nf6 5. Nf3 Bg4 6. Nbd2 e6 7. Bc4 Qd8 8.
Qb3 Qc7 9. O-O Be7 10. Ne5 Bf5 11. Bb5+ Nbd7 12. Qa4 a6 13. Nxd7 Nxd7 14. Nb3
Rc8 15. Bxd7+ Qxd7 16. Qxd7+ Kxd7 17. Nxc5+ Bxc5 18. dxc5 Rxc5 19. Rd1+ Kc6 20.
Be3 Rd5 21. Rxd5 exd5 22. Bd4 f6 23. Re1 Kd7 1/2-1/2

[Event "Bayern-chTT (RL Sued-West)"]
[Site "Bayern 2008/09"]
[Date "2009.02.01"]
[Round "6.8"]
[White "Bauer, Bernd(77)"]
[Black "Demir, Bilal"]
[Result "1-0"]
[WhiteElo "1915"]
[BlackElo "2063"]
[PlyCount "87"]
[EventDate "2009.03.??"]
[EventType "team-tourn"]
[EventRounds "9"]
[WhiteTeam "Kriegshaber 1"]
[BlackTeam "Unterhaching 1"]

1. e4 e6 2. d4 d5 3. Nd2 c5 4. exd5 Qxd5 5. Ngf3 cxd4 6. Bc4 Qd6 7. O-O Nf6 8.
Nb3 Nc6 9. Nbxd4 Nxd4 10. Nxd4 a6 11. Bb3 Be7 12. c3 O-O 13. Qf3 Qc7 14. Bg5
Nd5 15. Bxe7 Nxe7 16. Rfe1 Bd7 17. Qe3 Rad8 18. Rad1 Rfe8 19. h3 Bc8 20. Qg5 h6
21. Qh5 Nc6 22. Qc5 Bd7 23. Nf3 b6 24. Qd6 Qb7 25. Qf4 Bc8 26. Bc2 Qe7 27. Qe4
Qc5 28. Qh7+ Kf8 29. Rxd8 Rxd8 30. Qh8+ Ke7 31. Qxg7 Qh5 32. Qg3 Rd7 33. Ne5
Nxe5 34. Rxe5 f5 35. Qe3 Rd6 36. Rxf5 Qg6 37. Rf8 Qxc2 38. Rxc8 Qxb2 39. Qe5
Kd7 40. Rc4 Rd1+ 41. Kh2 Qxf2 42. Qg7+ Kd8 43. Qg8+ Kd7 44. Qc8+ 1-0

[Event "Bayern-chTT (RL Sued-West)"]
[Site "Bayern 2008/09"]
[Date "2009.02.01"]
[Round "6.1"]
[White "Schenk, Uwe Dr(64)"]
[Black "Hennig, Dirk"]
[Result "1/2-1/2"]
[WhiteElo "2150"]
[BlackElo "2359"]
[PlyCount "146"]
[EventDate "2009.03.??"]
[EventType "team-tourn"]
[EventRounds "9"]
[WhiteTeam "Sonthofen 1"]
[BlackTeam "München-Tarrasch 2"]

1. f4 d5 2. Nf3 Bg4 3. e3 Nd7 4. h3 Bxf3 5. Qxf3 c6 6. d4 e6 7. Bd3 f5 8. c4
Ngf6 9. Bd2 Ne4 10. O-O Bd6 11. Be1 O-O 12. Nc3 g5 13. cxd5 cxd5 14. Rd1 Kh8
15. Bxe4 dxe4 16. Qe2 gxf4 17. exf4 a6 18. d5 e5 19. fxe5 Nxe5 20. Qh5 Qb6+ 21.
Kh1 Ng6 22. Ne2 f4 23. Bc3+ Kg8 24. Nd4 Rf7 25. Ne6 Be7 26. d6 Bd8 27. Qg4 Qe3
28. Rde1 Qg3 29. Qxg3 fxg3 30. Rxf7 Kxf7 31. Nc5 Bb6 32. Nxe4 Rd8 33. Ng5+ Kg8
34. Ne4 Bf2 35. Rd1 Kf7 36. Rd3 Ke6 37. Nxg3 Bxg3 38. Rxg3 Rxd6 39. Kh2 b5 40.
Rf3 Rd1 41. g4 Ke7 42. h4 Ke8 43. h5 Ne7 44. Bg7 Nd5 45. g5 Rd2+ 46. Kg3 Rd1
47. g6 hxg6 48. h6 Rh1 49. Rf2 Ne7 50. Rf8+ Kd7 51. Ra8 Nf5+ 52. Kg2 Rh5 53.
Ra7+ Ke8 54. Rxa6 Nxh6 55. Bxh6 Rxh6 56. Rb6 Rh5 57. Rxg6 Kd7 58. Kf3 Kc7 59.
a3 Re5 60. Kf4 Re2 61. b4 Re1 62. Rg5 Kb6 63. Re5 Rh1 64. Re3 Rf1+ 65. Ke4 Rd1
66. Rd3 Re1+ 67. Kd5 Rh1 68. Kd6 Rh6+ 69. Kd7 Rh7+ 70. Kc8 Rh6 71. Rc3 Rc6+ 72.
Rxc6+ Kxc6 73. Kb8 Kb6 1/2-1/2

[Event "Bayern-chTT (RL Sued-West)"]
[Site "Bayern 2008/09"]
[Date "2009.02.01"]
[Round "6.2"]
[White "Singer, Christoph(70)"]
[Black "Pleyer, Felix"]
[Result "1-0"]
[WhiteElo "2312"]
[BlackElo "1997"]
[PlyCount "53"]
[EventDate "2009.03.??"]
[EventType "team-tourn"]
[EventRounds "9"]
[WhiteTeam "München-Tarrasch 2"]
[BlackTeam "Sonthofen 1"]

1. e4 g6 2. d4 Bg7 3. Nc3 d6 4. g3 Nf6 5. Bg2 c5 6. dxc5 dxc5 7. Qxd8+ Kxd8 8.
Be3 Nfd7 9. Nge2 Nc6 10. O-O-O b6 11. e5 Bb7 12. Rd2 Ke8 13. f4 Bh6 14. Nd5 Rc8
15. Rhd1 Ndb8 16. Bh3 e6 17. Nf6+ Kf8 18. Bg2 Ba6 19. Ng4 Bg7 20. Nc3 Ke7 21.
Ne4 Rcd8 22. f5 Ke8 23. Rxd8+ Nxd8 24. Nd6+ Kf8 25. f6 Be2 26. fxg7+ Kxg7 27.
Bh6+ 1-0

[Event "Bayern-chTT (RL Sued-West)"]
[Site "Bayern 2008/09"]
[Date "2009.02.01"]
[Round "6.3"]
[White "Schweier, Lorenz"]
[Black "Wood, Christopher"]
[Result "0-1"]
[WhiteElo "1998"]
[BlackElo "2202"]
[PlyCount "88"]
[EventDate "2009.03.??"]
[EventType "team-tourn"]
[EventRounds "9"]
[WhiteTeam "Sonthofen 1"]
[BlackTeam "München-Tarrasch 2"]

1. e4 e6 2. d4 d5 3. e5 c5 4. c3 Nc6 5. a3 Qb6 6. Nf3 a5 7. Be2 Bd7 8. O-O a4
9. h3 Na5 10. Ra2 Bb5 11. Be3 Bxe2 12. Qxe2 c4 13. Nbd2 Ne7 14. Nh2 Nf5 15. g4
Nxe3 16. fxe3 Be7 17. Ndf3 Nb3 18. Qc2 O-O 19. g5 f6 20. exf6 gxf6 21. gxf6
Bxf6 22. Ng4 Qc7 23. Qg2 Kh8 24. Nd2 Bh4 25. Nxb3 Rxf1+ 26. Qxf1 axb3 27. Ra1
Rg8 28. Kh1 Qg7 29. Qe2 Qg6 30. Rf1 h5 31. Ne5 Qe4+ 32. Qf3 Rg3 33. Qxe4 dxe4
34. Rf4 Be7 35. Rxe4 b5 36. d5 Bxa3 37. dxe6 Bxb2 38. e7 Rg8 39. Rf4 Ba3 40.
Ng6+ Kg7 41. Nh4 Ra8 42. Nf5+ Kf7 43. Nd6+ Kxe7 44. Nxb5 b2 0-1

[Event "Bayern-chTT (RL Sued-West)"]
[Site "Bayern 2008/09"]
[Date "2009.02.01"]
[Round "6.4"]
[White "Buchner, Rudolf"]
[Black "Oberhofer, Max"]
[Result "1-0"]
[WhiteElo "2179"]
[BlackElo "1996"]
[PlyCount "77"]
[EventDate "2009.03.??"]
[EventType "team-tourn"]
[EventRounds "9"]
[WhiteTeam "München-Tarrasch 2"]
[BlackTeam "Sonthofen 1"]

1. e4 Nf6 2. e5 Nd5 3. d4 d6 4. Nf3 Bg4 5. Be2 e6 6. h3 Bh5 7. O-O Be7 8. Nc3
O-O 9. Nxd5 exd5 10. Bf4 Re8 11. Re1 c6 12. Qd2 dxe5 13. Nxe5 Bg6 14. Bg4 Na6
15. Re2 Bf6 16. Nxg6 hxg6 17. Rxe8+ Qxe8 18. c3 Qf8 19. Re1 Re8 20. Re3 Rxe3
21. Qxe3 Qd8 22. Be5 Be7 23. Bg3 Nc7 24. Qe5 Ne8 25. Qb8 Qxb8 26. Bxb8 f5 27.
Be2 a6 28. Be5 Kf7 29. Bd3 Bd6 30. f4 Bxe5 31. fxe5 Nc7 32. b4 Ne6 33. h4 Nf4
34. Bf1 g5 35. g3 Ne6 36. Bd3 g6 37. h5 Kg7 38. hxg6 Kxg6 39. g4 1-0

[Event "Bayern-chTT (RL Sued-West)"]
[Site "Bayern 2008/09"]
[Date "2009.02.01"]
[Round "6.5"]
[White "Hopfauf, Fridolin"]
[Black "Haritonov, Alexander"]
[Result "1/2-1/2"]
[WhiteElo "2084"]
[BlackElo "2187"]
[PlyCount "120"]
[EventDate "2009.03.??"]
[EventType "team-tourn"]
[EventRounds "9"]
[WhiteTeam "Sonthofen 1"]
[BlackTeam "München-Tarrasch 2"]

1. e4 Nf6 2. Nc3 e5 3. Nf3 Bb4 4. Bc4 d6 5. d3 Be6 6. Bb3 Nbd7 7. Bg5 Nc5 8.
Qe2 h6 9. Be3 Qe7 10. h3 c6 11. O-O O-O 12. Bxc5 Bxc5 13. Na4 Nd7 14. Bxe6 Qxe6
15. Nh4 g6 16. Nxc5 Nxc5 17. Qe3 Kh7 18. f4 exf4 19. Qxf4 g5 20. Qf5+ Kg7 21.
Qxe6 fxe6 22. Nf3 e5 23. Nd2 Ne6 24. Nc4 Nd4 25. c3 Ne2+ 26. Kh2 Nf4 27. Rf3
Rad8 28. Raf1 Nxd3 29. Rxf8 Rxf8 30. Rxf8 Kxf8 31. Nxd6 b5 32. b4 Nc1 33. a3
Ke7 34. Nf5+ Ke6 35. Ne3 Ne2 36. Nd1 h5 37. g3 Nc1 38. Kg2 Nd3 39. Kf3 h4 40.
gxh4 gxh4 41. Ke2 Nf4+ 42. Kf3 Nxh3 43. Kg4 Ng1 44. Kxh4 Nf3+ 45. Kg4 Nd2 46.
Nf2 Nb1 47. Nd3 Nxa3 48. Nc5+ Kd6 49. Kf5 Nb1 50. Nb7+ Kc7 51. Nc5 Nxc3 52.
Kxe5 Na4 53. Nd3 Kd7 54. Kf6 Nc3 55. Nc5+ Kd6 56. Nb7+ Kc7 57. Nc5 Nxe4+ 58.
Nxe4 Kb6 59. Ke5 a5 60. bxa5+ Kxa5 1/2-1/2

[Event "Bayern-chTT (RL Sued-West)"]
[Site "Bayern 2008/09"]
[Date "2009.02.01"]
[Round "6.6"]
[White "Trescher, Manfred"]
[Black "Kuhnert, Josef"]
[Result "1-0"]
[WhiteElo "2134"]
[BlackElo "1963"]
[PlyCount "87"]
[EventDate "2009.03.??"]
[EventType "team-tourn"]
[EventRounds "9"]
[WhiteTeam "München-Tarrasch 2"]
[BlackTeam "Sonthofen 1"]

1. d4 f5 2. e4 fxe4 3. Nc3 Nf6 4. Bg5 Nc6 5. d5 Ne5 6. Qd4 Nf7 7. Bxf6 exf6 8.
Nxe4 f5 9. Nc3 g6 10. Bc4 d6 11. Nge2 Bh6 12. f4 O-O 13. O-O Bg7 14. Qd2 c5 15.
dxc6 bxc6 16. Bb3 d5 17. Rad1 Ba6 18. Rf3 Qb6+ 19. Kh1 Rae8 20. Nc1 Kh8 21. Na4
Qb5 22. Nd3 Nd6 23. Ne5 Ne4 24. Qd4 Qb7 25. Rh3 Bxe5 26. fxe5 Qg7 27. Nc5 Be2
28. Re1 Qxe5 29. Qxe5+ Rxe5 30. Nd7 Nf2+ 31. Kg1 Nxh3+ 32. gxh3 Re4 33. Nxf8 f4
34. Nd7 f3 35. Kf2 Rh4 36. Kg3 Rd4 37. Ne5 c5 38. Nxf3 Bxf3 39. Kxf3 c4 40. Ba4
c3 41. b3 Rd2 42. Re2 Rd1 43. Bb5 d4 44. Bd3 1-0

[Event "Bayern-chTT (RL Sued-West)"]
[Site "Bayern 2008/09"]
[Date "2009.02.01"]
[Round "6.7"]
[White "Froehlich, Rainer(37)"]
[Black "Rasch, Gerhard"]
[Result "1-0"]
[WhiteElo "1907"]
[BlackElo "2078"]
[PlyCount "55"]
[EventDate "2009.03.??"]
[EventType "team-tourn"]
[EventRounds "9"]
[WhiteTeam "Sonthofen 1"]
[BlackTeam "München-Tarrasch 2"]

1. c4 g6 2. Nc3 c5 3. g3 Bg7 4. Bg2 Nc6 5. Nf3 Nf6 6. O-O O-O 7. d4 cxd4 8.
Nxd4 Nxd4 9. Qxd4 d6 10. Qd2 Rb8 11. b3 Bd7 12. Bb2 b5 13. cxb5 Bxb5 14. Nxb5
Rxb5 15. Rac1 d5 16. Rfd1 e6 17. Qd3 Qb8 18. Be5 Qb6 19. Bc7 Qb7 20. Bd6 Rd8
21. Bf4 Ne8 22. Rc2 Rb4 23. Rdc1 e5 24. Be3 a5 25. Bc5 Rb5 26. e4 d4 27. Bf1
Bh6 28. Qxb5 1-0

[Event "Bayern-chTT (RL Sued-West)"]
[Site "Bayern 2008/09"]
[Date "2009.02.01"]
[Round "6.8"]
[White "Koch, Enrico"]
[Black "Aicher, Hans"]
[Result "1/2-1/2"]
[WhiteElo "2011"]
[BlackElo "1694"]
[PlyCount "47"]
[EventDate "2009.03.??"]
[EventType "team-tourn"]
[EventRounds "9"]
[WhiteTeam "München-Tarrasch 2"]
[BlackTeam "Sonthofen 1"]

1. Nf3 d5 2. g3 Nf6 3. Bg2 c5 4. O-O g6 5. d4 cxd4 6. Nxd4 Bg7 7. c4 O-O 8.
cxd5 Nxd5 9. Nb5 a6 10. Bxd5 axb5 11. Qb3 e6 12. Bg2 Qa5 13. Na3 b4 14. Bd2 Na6
15. Nc4 Qb5 16. a3 Bd7 17. axb4 Bc6 18. Bxc6 bxc6 19. Ra5 Nc5 20. Qa2 Rxa5 21.
bxa5 Nb3 22. Na3 Qa4 23. Bc3 Nxa5 24. Bxg7 1/2-1/2